00000000nam 2200000zi 4500
0019.945343
003CaOODSP
00520241119153139
006m     o  d f      
007cr mn|||||||||
008241119s1972    onc     o    f000 0 fre d
040 |aCaOODSP|bfre|erda|cCaOODSP
043 |an-cn---
0861 |aCo41-1/8BIIIF-PDF|zCo41-1/8B-3F
24500|aProblèmes relatifs à l'interconnexion des terminaux d'informatique et des réseaux de télécommunications des sociétés exploitantes.
264 1|aOttawa : |bMinistère des communications, |c1972.
300 |a1 ressource en ligne (24 pages).
336 |atexte|btxt|2rdacontent/fre
337 |ainformatique|bc|2rdamedia/fre
338 |aressource en ligne|bcr|2rdacarrier/fre
4901 |aTélécommission étude ; |v8(b)(iii)
500 |aPublié aussi en anglais sous le titre : Problems relating to the interconnection of terminal devices with common carrier provided telecommunications.
500 |aÉdition numérisée de l'imprimé [par Innovation, sciences et développement économique Canada].
650 6|aTerminaux (Informatique)|zCanada.
650 6|aDonnées|xTransmission|zCanada.
650 6|aTélécommunications|zCanada|xÉquipement.
650 6|aSystèmes de télécommunications|zCanada.
650 6|aTéléphone|zCanada|xAppareils et matériel.
7101 |aMinistère des communications, |eorganisme de publication.
77508|tProblems relating to the interconnection of terminal devices with common carrier provided telecommunications.|w(CaOODSP)9.945342
830#0|aTélécommission étude ;|v8(b)(iii).|w(CaOODSP)9.927948
85640|qPDF|s1.07 Mo|uhttps://publications.gc.ca/collections/collection_2024/isde-ised/co41-1/Co41-1-8BIII-fra.pdf